Treating adolescents with substance use disorders
Salvato in:
| Autore principale: | |
|---|---|
| Natura: | Libro |
| Lingua: | inglese |
| Pubblicazione: |
The Guilford Press
2019
|
| Tags: |
Aggiungi Tag
Nessun Tag, puoi essere il primo ad aggiungerne!!
|
MARC
| LEADER | 00000nam a22000007a 4500 | ||
|---|---|---|---|
| 008 | 231213b |||||||| |||| 00| 0 eng d | ||
| 020 | |a 9781462537880 | ||
| 100 | |a BUKSTEIN, Oscar G. | ||
| 245 | |a Treating adolescents with substance use disorders |c /Oscar G.Bukstein |g xi, 268p | ||
| 260 | |b The Guilford Press |c 2019 |h New York |i 700379 |i 700380 |l RJ506.D78B86 |m Teenagers-Substance use- Treatment |m Substance abuse | ||
| 500 | |a it includes references and index | ||
| 942 | |a lcc |c BK |e Johnson |f 13/12/23 | ||
| 952 | |0 0 |1 0 |2 lcc |4 0 |6 RJ0506 D78 B86 |7 0 |9 4680 |a HE |b HOL |c QZ |d 2023-12-13 |l 0 |o RJ506.D78B86 |p 2023-0595 |r 2023-12-13 00:00:00 |t 700379 |w 2023-12-13 |y BK | ||
| 952 | |0 0 |1 0 |2 lcc |4 0 |6 RJ0506 D78 B86 |7 0 |9 4681 |a HE |b HOL |c QZ |d 2023-12-13 |l 0 |o RJ506.D78B86 |p 2023-0596 |r 2023-12-13 00:00:00 |t 700380 |w 2023-12-13 |y BK | ||
| 999 | |c 2346 |d 2346 | ||